000 00451nam a2200169Ia 4500
008 230714s9999 xx 000 0 und d
020 _a9790000000000
041 _aeng
082 _a005.13'3
_bLUB
100 _aLubanovic B.
_9198351
245 _aIntroducing Python
260 _c2014
_bSPD/O'Reilly
300 _a452
365 _cRs.
_b750.00
700 _aLubanovic B.
_9198351
906 _dO:0485416-Jan-2016B:SE/SI/247813-Oct-2015
_cIT
_b937.5
999 _c216721
_d216721